Normal view
MARC view
- GC AHMAD AZMAT GC JUNAID KHAN NC ALI HASNAIN
Entry Personal Name
001 - CONTROL NUMBER
- control field: 70561
003 - CONTROL NUMBER IDENTIFIER
- control field: NUST
005 - DATE AND TIME OF LATEST TRANSACTION
- control field: 20210628204519.0
008 - FIXED-LENGTH DATA ELEMENTS
- fixed length control field: 210628|| aca||aabn | a|a d
040 ## - CATALOGING SOURCE
- Original cataloging agency: NUST
- Transcribing agency: NUST
100 ## - HEADING--PERSONAL NAME
- Personal name: GC AHMAD AZMAT GC JUNAID KHAN NC ALI HASNAIN
670 ## - SOURCE DATA FOUND
- Source citation: Work cat.: (NUST): GC AHMAD AZMAT GC JUNAID KHAN NC ALI HASNAIN , PR-SOF-1800-DESIGN EVALUATION OF SLAT ARMOR, 2019
